آ خر ت کے سا ے میں / (Record no. 146765)

MARC details
000 -LEADER
fixed length control field 00812nam a22001937a 4500
005 - DATE AND TIME OF LATEST TRANSACTION
control field 20230512123745.0
010 ## - LCCN (DPL NO)
LC control number UR-9825
020 6# - INTERNATIONAL STANDARD BOOK NUMBER
Terms of availability 85.00
035 ## - SYSTEM CONTROL NUMBER
System control number U-8380
037 ## - SOURCE OF ACQUISITION
Source of stock number/acquisition DBAD/PUB
082 ## - DEWEY DECIMAL CLASSIFICATION NUMBER
Classification number 270
100 ## - MAIN ENTRY--PERSONAL NAME
Personal name محمد فا ر و ق خا ن
245 ## - TITLE STATEMENT
Title آ خر ت کے سا ے میں /
Statement of responsibility, etc محمد فا ر و ق خا ن
246 ## - VARYING FORM OF TITLE
Title proper/short title Aakhirat ke Saye mein /
Remainder of title by Farooq Khan
260 ## - PUBLICATION, DISTRIBUTION, ETC. (IMPRINT)
Place of publication, distribution, etc New Delhi
Name of publisher, distributor, etc Merkazi Maktaba Islami Publishers
Date of publication, distribution, etc 2013
270 ## - ADDRESS
Address D307,Dawat Nagar,Abul Fazal Enclave,Jamia Nagar ,
City New Delhi
Postal code 110025
Telephone number 01126971652
Fax number -
300 ## - PHYSICAL DESCRIPTION
Extent 206 ص
Dimensions 22cm(Hb)
942 ## - ADDED ENTRY ELEMENTS (KOHA)
Source of classification or shelving scheme Dewey Decimal Classification
Item type Urdu Bks
Classification part 270
Call number suffix م ح م
Edition
Holdings
Withdrawn status Lost status Not for loan Collection code Home library Current library Date acquired Source of acquisition Cost, normal purchase price Full call number Barcode Copy number Cost, replacement price Koha item type
      Non-fiction Shahdara Branch Shahdara Branch 23/10/2017 DBAD/PUB. 85.00 270 م ح م U-8380 1 85.00 Urdu Bks

© Delhi Public Library
Hit Counter
free hit counter